00681nam a2200193 a 450000100060000000300080000600500170001400800410003103500190007204000260009104100080011708200260012510000250015124501360017626000430031230000270035560000870038270000180046954064BD-RjUL20211209080052.0161101s1969 nyu||||| |||| 00| 0 eng d a(BD-RjUL)54186 aBD-RjULbengcBD-RjUL aeng 223a820.903bBOO 1969 aBooker, John Manning aBooker memorial studies :beight essays on Victorian literature in memory of John Manning Booker, 1881-1948.c Edited by Hill Shine aNew York :bRussell & Russell,cc1969. axiv, 183 p. ;c21 cm.  a Booker, John ManningcEnglish literature x History and criticism.y19th century  a Shine, Hill,